000 00655nam a22002177a 4500
999 _c13208
_d13208
003 AR-CdUCM
008 190411b ||||| |||| 00| 0 spa d
040 _aMUNICIPALIDAD PROVINCIAL DEL CUSCO
_cBIBLIOTECA MUNICIPAL DEL CUSCO
082 _aC / 865.5 /
_bC12
100 _aCabarrus, J. T. de
_931469
245 _aEl mejor perro de muestra /
260 _aBarcelona :
_bImprenta de Jaime Jepus,
_c1882.
300 _a47 paginas ;
_c23 cm.
505 _aContenido : Narracion
650 _aNarraciones
_9930
650 _aPerro
_931470
650 _aFidelidad
_931471
650 _aLadridos
_931472
942 _2ddc
_cLIBROS
945 _awnts
_d2019-04-11